000 00847nam a2200253 u 4500
001 000023092
005 20200930022001.0
008 101126s1991 ag a r 000 0 spa d
020 _a9501605191
040 _aDO-SdBNP
_bspa
_cBNPHU
041 1 7 _aspa
_hfr
_2Código de idioma MARC
082 _a110
_bL799t, 1991
100 1 _aLobsang Rampa,
_d1910-1981.
_947540
245 1 0 _aEl testamento de rampa /
_cTuesday Lobsang Rampa ; traducción de Kato Molinari.
250 _a5a ed.
260 _aBuenos Aires, (Argentina) :
_bTroquel,
_c1991.
300 _a256 p. :
_bil. ;
_c20 cm.
500 _aIncluye referencias bibliográficas (p. 254-255)
534 _aTítulo original francés:
_tLe testament de Rampa.
650 4 _aMetafísica
_919469
650 4 _aForma (filosofía)
_947541
700 1 _aMolinari, Kato
_etr.
_947542
049 _aBNGR
999 _c22589
_d22589